Normal view MARC view
  • Krzemien, Deisy

Entry Nombre Personal

Number of records used in: 1

001 - NUMERO DE CONTROL

  • campo de control: 44873

003 - IDENTIFICADOR DE NUMERO DE CONTROL

  • campo de control: UPN

005 - FECHA Y HORA DE LA ÜLTIMA TRANSACCIÓN

  • campo de control: 20220614111814.0

008 - DATOS DE LONGITUD FIJA

  • campo de control de longitud fija: 220614|| acnnnaabn | a|a d

024 70 - OTROS IDENTIFICADORES NORMALIZADOS

  • Fuente: orcid
  • Número normalizado o código: 0000-0003-4862-5168

040 ## - FUENTE DE CATALOGACIÓN

  • Agencia original de catalogación: MX-MxUPN

100 1# - ENCABEZAMIENTO - NOMBRE PERSONAL

  • Nombre personal: Krzemien, Deisy

370 ## - LUGAR ASOCIADO

  • Associated country: Argentina

372 ## - CAMPO DE ACTIVIDAD

  • Field of activity: Psicología
  • Field of activity: Docencia

373 ## - GRUPO ASOCIADO

  • Associated group: Universidad Nacional de Mar del Plata. Instituto de Psicología Básica, Aplicada y Tecnología (IPSIBAT)

374 ## - OCUPACIÓN

  • Occupation: Profesor universitario

375 ## - GÉNERO

  • Gender: masculino

377 ## - LENGUA ASOCIADA

  • Language code: spa

670 ## - FUENTE EN LA QUE SE LOCALIZARON DATOS

  • Cita de la fuente: En recurso en línea Avances en psicología latinoamericana, Vol. 38, no. 2 (2020):
  • Información localizada: página 1 (Deisy Krzemien)
  • Uniform Resource Identifier: https://revistas.urosario.edu.co/index.php/apl/article/view/7368/8397

670 ## - FUENTE EN LA QUE SE LOCALIZARON DATOS

  • Cita de la fuente: En el sitio web Linkedin, consultado Junio 14, 2022:
  • Información localizada: profesor en Universidad Nacional de Mar del Plata
  • Uniform Resource Identifier: https://ar.linkedin.com/in/deisy-krzemien-58b1246a

902 ## - CATALOGADOR

  • Catalogador: RGJD/140622